| 000 | 00471nam a2200181Ia 4500 | ||
|---|---|---|---|
| 001 | 4470 | ||
| 005 | 20260306145758.0 | ||
| 008 | 260306t2022||||xx |||||||||||||| ||spa|| | ||
| 041 | _aESP | ||
| 082 |
_a323.042 _bH44 |
||
| 100 |
_aHernández Muro, Alex, _eAUT |
||
| 245 | 0 |
_aRepública de invisibles : _bpolíticas, ciudadanía y activismos LGBTIQ+ |
|
| 260 | _c2022 | ||
| 300 |
_a285 páginas : _c21 cm. |
||
| 650 | _aGEN | ||
| 654 | _aCHU | ||
| 942 |
_cLIB _dJUS _fJUS _2ddc _n |
||
| 999 |
_c4470 _d4470 |
||